|
|
|
|
| LEADER |
00689cam a2200193 7i4500 |
| 001 |
0000000665 |
| 005 |
20120828090000.0 |
| 020 |
|
|
|a 9834093640 ( pbk.)
|
| 050 |
0 |
0 |
|a BL1032 IMP 2002
|
| 090 |
0 |
0 |
|a BL1032
|b .I47 2002
|
| 245 |
0 |
4 |
|a The impact of globalization on social and cultural life :
|b an Islamic response
|c edited by Siti Fatimah Abdul Rahman.
|
| 260 |
|
|
|a Kuala Lumpur:
|b Institut of Islamic Understanding Malaysia,
|c 2002.
|
| 300 |
|
|
|a xv, 175 p.;
|c 23 cm.
|
| 650 |
0 |
0 |
|a Globalization --
|x Religious aspects
|
| 650 |
0 |
0 |
|a Globalization
|
| 650 |
0 |
0 |
|a Ummah (Islam)
|
| 650 |
0 |
0 |
|a Islam
|
| 700 |
0 |
|
|a Siti Fatimah Abdul Rahman
|
| 999 |
|
|
|a 0000008703
|b BOK
|c OPEN SHELF
|e 1st Floor, Bestari Jaya
|